| Tag |
First Indicator |
Second Indicator |
Subfields |
| LEADER |
00000cam a22000008a 4500 |
| 001 |
in00004455821 |
| 005 |
20191202121142.0 |
| 008 |
880720s1988 enka b 00110 eng d |
| 010 |
|
|
|a gb 88047735
|
| 015 |
|
|
|a GB88-47735
|
| 020 |
|
|
|a 0806121688 (cased) :
|c £15.75 (Nov.)
|
| 020 |
|
|
|a 0806121238 (pbk) :
|c £6.95
|
| 035 |
|
|
|a (OCoLC)18416743
|
| 035 |
|
|
|9 AAA8365MS
|
| 035 |
|
|
|z (UtOrBLW)3366
|
| 035 |
|
|
|a 5092
|
| 040 |
|
|
|a UKM
|c UKM
|d TMV
|d UtOrBLW
|
| 049 |
|
|
|a TMVM
|c 1
|
| 050 |
1 |
0 |
|a QL737.C22
|
| 059 |
|
|
|l MS/BOOK STKS
|v 2
|t BOOK
|k CIRCULATING
|i 3238900854234
|n NL
|a QL 737 C22
|b L683c 1988
|
| 060 |
|
4 |
|a QL 737 C22
|b L683c 1988
|
| 100 |
1 |
|
|a Leydet, François,
|d 1927-
|
| 245 |
1 |
4 |
|a The coyote :
|b defiant songdog of the west /
|c by Francois Leydet.
|
| 250 |
|
|
|a Revised and updated edition.
|
| 264 |
|
1 |
|a Norman :
|b University of Oklahoma Press,
|c [1988]
|
| 264 |
|
4 |
|c ©1988
|
| 300 |
|
|
|a 221 pages :
|b illustrations ;
|c 24 cm
|
| 336 |
|
|
|a text
|2 rdacontent
|b txt
|
| 337 |
|
|
|a unmediated
|2 rdamedia
|
| 338 |
|
|
|a volume
|2 rdacarrier
|b nc
|
| 504 |
|
|
|a Bibliography: pages [207]-208.
|
| 520 |
8 |
|
|a Mammals
|
| 650 |
|
2 |
|a Behavior, Animal.
|
| 650 |
|
2 |
|a Carnivora.
|
| 940 |
|
|
|a copy plain
|
| 999 |
|
|
|a MARS
|
| 999 |
f |
f |
|s 567ad8a1-82b7-315f-bf0e-324b8412c0de
|i b80d3545-46c5-381c-ab33-38c9180b1c3c
|t 0
|
| 952 |
f |
f |
|p preservation
|a Texas A&M University
|b J.J. Pickle Campus
|c High Density Repository
|d Remote Storage
|t 0
|e QL 737 C22 L683c 1988
|h National Library of Medicine classification
|i unmediated -- volume
|m 3238900854234
|
| 998 |
f |
f |
|a QL 737 C22 L683c 1988
|t 0
|l Remote Storage
|